| 000 | 00690nam a2200205 u 4500 | ||
|---|---|---|---|
| 001 | 000034593 | ||
| 005 | 20200930073803.0 | ||
| 008 | 111010s2005 000 spa d | ||
| 020 | _a9583000876 | ||
| 040 |
_aDO-SdBNP _bspa _cBNPHU |
||
| 082 |
_axxxx _bxxxx |
||
| 100 | 1 |
_aZorrilla de San Martín, Juan, _d1855-1931 _93845 |
|
| 245 | 1 | 0 |
_aTabaré / _cJuan Zorrilla de San Martín, prólogo Leonor Martínez Echeverri. |
| 260 |
_aBogotá, : _bPanamericana, _c2005. |
||
| 300 |
_a202 p. ; _c21 cm. |
||
| 490 | 1 | _aLetras latinoamericanas | |
| 500 | _aIncluye notas al pie de las páginas | ||
| 700 | 1 |
_aMartínez Echecerri, Leonor, _epról. _960032 |
|
| 830 | 0 |
_aLetras latinoamericanas _922732 |
|
| 999 |
_c34084 _d34084 |
||